| 000 | 00530nam a2200193Ia 4500 | ||
|---|---|---|---|
| 003 | GCL | ||
| 008 | 140319s9999 xx 000 0 ara d | ||
| 040 |
_aGCL / _cGCL |
||
| 082 | 0 | 4 |
_a910.02 _bل ب |
| 100 | 1 | _aعادل زعيتر | |
| 245 | 1 | 0 |
_aالبحر المتوسط / _cعادل زعيتر |
| 700 | 1 | _aلودفيج، اميل | |
| 300 | _a898 ص | ||
| 490 | _a | ||
| 650 | 0 | 4 | _aالجغرافيا الطبيعية |
| 650 | 0 | 4 | _aالبحار والمحيطات |
| 650 | 0 | 4 | _aالبحر المتوسط |
| 942 |
_2ddc _cBK |
||
| 999 |
_c39400 _d39400 |
||